000 00327nam a2200121Ia 4500
008 150202s9999 xx 000 0 und d
050 _aFIC
_bFIC
100 _aEllis, Lyn.
245 _aDrop-dead gorgeous /
_cLyn Ellis.
260 _aNew York :
_bHarlequin Books,
_c2000.
300 _a218 pages :
_c18 cm.
650 _aFiction.
999 _c281983
_d281983